Central Library OPAC University of Rajshahi

Societies around the world / (Record no. 33734)

MARC details
000 -LEADER
fixed length control field 00908cam a22002771 4500
001 - CONTROL NUMBER
control field 33734
003 - CONTROL NUMBER IDENTIFIER
rucl marc code BD-RjUL
005 - DATE AND TIME OF LATEST TRANSACTION
control field 20211209052042.0
008 - FIXED-LENGTH DATA ELEMENTS--GENERAL INFORMATION
fixed length control field 140511t1956 nyua 001 0 eng d
035 ## - SYSTEM CONTROL NUMBER
System control number (BD-RjUL)33825
System control number (OCoLC)3177630
040 ## - CATALOGING SOURCE
Original cataloging agency DLC
Transcribing agency OC
Modifying agency OCoLC
-- DLC
-- BD-RjUL
Language of cataloging eng
041 ## - LANGUAGE CODE
Language code of text/sound track or separate title eng
082 04 - DEWEY DECIMAL CLASSIFICATION NUMBER
Classification number 301.7
Author mark and year SOC 1956
245 10 - TITLE STATEMENT
Title Societies around the world /
Statement of responsibility, etc. Prepared at the University of Kentucky by Irwin T. Sanders, editor, Richard B. Woodbury, asst. editor, Frank J. Essene [and others]
250 ## - EDITION STATEMENT
Edition statement A new shorter ed.:
260 ## - PUBLICATION, DISTRIBUTION, ETC. (IMPRINT)
Place of publication, distribution, etc. New York :
Name of publisher, distributor, etc. Dryden Press,
Date of publication, distribution, etc. c1956
300 ## - PHYSICAL DESCRIPTION
Pagination 811 p. :
Illustrations ill. ;
Size 25 cm.
504 ## - BIBLIOGRAPHY, ETC. NOTE
Bibliography, etc Includes index.
650 #0 - SUBJECT ADDED ENTRY--TOPICAL TERM
Topical term or geographic name as entry element Primitive societies.
9 (RLIN) 34457
700 1# - ADDED ENTRY--PERSONAL NAME
Personal name Becker, Howard Paul,
Dates associated with a name 1899-1960,
Relator term ed.
Personal name Sanders, Irwin Taylor,
942 ## - ADDED ENTRY ELEMENTS (KOHA)
Source of classification or shelving scheme Dewey Decimal Classification
Koha item type Books
Holdings
Lost status Source of classification or shelving scheme Damaged status Not for loan Collection code Permanent Location Current Location Shelving location Date acquired Source of acquisition Total Checkouts Full call number Date last seen Copy number Koha item type
  Dewey Decimal Classification     Non-fiction Central Library, University of Rajshahi Central Library, University of Rajshahi   13/03/1958 H.C. of canada   301.7 SOC 1956 11/05/2014 C-1 Books